Score 0/12 Timer 05:00
4 Plays Today
Location Show % Correct
The Yogi Bear Show
94.7%
The X Factor
92.8%
Zorro
92.4%
The X Files
89.7%
Xena: Warrior Princess
87.9%
X-Men
79.9%
Yu-Gi-Oh!
50.6%
Zoey 101
34.9%
Yes, Dear
24.4%
You Bet Your Life
18.2%
The Young and the Restless
17.2%
Young Americans
3.3%
Remove Ads.
Support Sporcle.
Get the best of Sporcle when you Go Orange. This ad-free experience offers more features, more stats, and more fun while also helping to support Sporcle. Thank you for becoming a member.

You're not logged in!

Compare scores with friends on all Sporcle quizzes.
OR
Log In

Show Comments

Extras

Top Quizzes Today


Score Distribution

Your Account Isn't Verified!

In order to create a playlist on Sporcle, you need to verify the email address you used during registration. Go to your Sporcle Settings to finish the process.

Report this User

Report this user for behavior that violates our Community Guidelines.

Details: